3.º izquierda / (Registro nro. 188091)
[ vista simple ]
| 000 -LEADER | |
|---|---|
| campo de control de longitud fija | 00823nam a2200229 i 4500 |
| 001 - NÚMERO DE CONTROL | |
| campo de control | 188091 |
| 003 - IDENTIFICADOR DE NÚMERO DE CONTROL | |
| campo de control | ES-MaACL |
| 005 - FECHA Y HORA DE LA ÚLTIMA TRANSACCIÓN | |
| campo de control | 20250930063200.0 |
| 008 - DATOS DE LONGITUD FIJA--INFORMACIÓN GENERAL | |
| campo de control de longitud fija | 180427s1963 sp fo |||| | spa d |
| 100 1# - ENTRADA PRINCIPAL--NOMBRE DE PERSONA | |
| Nombre de persona | Clarasó, Noel, |
| Fechas asociadas al nombre | 1899-1985 |
| 9 (RLIN) | 39003 |
| 245 10 - MENCIÓN DEL TÍTULO | |
| Título | 3.º izquierda / |
| Mención de responsabilidad, etc. | Noel Clarasó ; [portada ilustrada por Muntañola]. |
| 246 33 - FORMA VARIANTE DEL TITULO | |
| Título propio/Titulo breve | Tercero izquierda |
| Resto del título | : [guiones de televisión] |
| 250 ## - MENCION DE EDICION | |
| Mención de edición | 1ª ed. |
| 260 ## - PUBLICACIÓN, DISTRIBUCIÓN, ETC. | |
| Lugar de publicación, distribución, etc. | Barcelona : |
| Nombre del editor, distribuidor, etc. | Sagitario, |
| Fecha de publicación, distribución, etc. | 1963. |
| 300 ## - DESCRIPCIÓN FÍSICA | |
| Extensión | 245 p., [10] h. de lám. ; |
| Dimensiones | 19 cm. |
| 490 1# - MENCIÓN DE SERIE | |
| Mención de serie | Ayer y hoy, humor ; |
| Designación de volumen o secuencia | 6 |
| 599 ## - NOTA A LAS ILUSTRACIONES | |
| NOTA A LAS ILUSTRACIONES | Lám. son fot. de escenas con los actores José Luis López Vázquez, Elvira Quintillá y otros. |
| 700 1# - ENTRADA AGREGADA--NOMBRE PERSONAL | |
| Nombre de persona | Muntañola, Joaquim. |
| 9 (RLIN) | 84244 |
| 830 0# - PUNTO DE ACCESO ADICIONAL DE SERIE-TÍTULO UNIFORME | |
| Título uniforme | Ayer y hoy, humor ; |
| Designación de volumen o secuencia | 6 |
| 9 (RLIN) | 192992 |
| 852 ## - LOCALIZACIÓN | |
| Ubicación | ES-MaACL |
| Número de control de estantería | L-31981 |
| Estatus retirado | Estado de pérdida | Estado de daño | No para préstamo | Biblioteca de origen | Biblioteca actual | Ubicación en estantería | Fecha de adquisición | Fuente de adquisición | Total de préstamos | Signatura topográfica completa | Código de barras | Visto por última vez | Precio de reemplazo | Tipo de ítem Koha |
|---|---|---|---|---|---|---|---|---|---|---|---|---|---|---|
| Biblioteca del Ateneo de Madrid | Biblioteca del Ateneo de Madrid | Depósito 2 | 27/04/2018 | L-31981 | 1198786 | 23/02/2023 | 23/02/2023 | Libro impreso |
